Harry Potter "N" and "O" Characters - Statistics

General Stats
  • This quiz has been taken 179 times
  • The average score is 9 of 11
Answer Stats
Hint Answer % Correct
N Living being that contained a horcrux within it Nagini
97%
N Ghost who couldn't join the Headless Horsemen Nearly Headless Nick
97%
N Could have been "the Chosen One" Neville Longbottom
97%
O Laughed at Moaning Myrtle's glasses Olive Hornby
95%
N Was sent by Voldemort to see if Harry was dead Narcissa Malfoy
94%
N Hagrid's "pet" dragon Norbert
94%
O Harry's first quidditch captain Oliver Wood
92%
N Usually sported bubblegum pink hair Nymphadora Tonks
90%
N Owner of the Philosopher's Stone Nicolas Flamel
84%
O Half giantess who claimed that she had big bones Olympe Maxime
82%
O The subject of a sad wizards' song Odo the Hero
12%
No matching quizzes found
Score Distribution
Percent of People with Each Score
Percentile by Number Answered
Your Score History
You have not taken this quiz